| 000 -LEADER |
| fixed length control field |
03035cam a22004578i 4500 |
| 001 - CONTROL NUMBER |
| control field |
20942322 |
| 005 - DATE AND TIME OF LATEST TRANSACTION |
| control field |
20221011123017.0 |
| 008 - FIXED-LENGTH DATA ELEMENTS--GENERAL INFORMATION |
| fixed length control field |
190411t20202020enk b 001 0 eng |
| 010 ## - LIBRARY OF CONGRESS CONTROL NUMBER |
| LC control number |
2019016741 |
| 020 ## - INTERNATIONAL STANDARD BOOK NUMBER |
| International Standard Book Number |
9780367255664 |
| Qualifying information |
(hardback) |
| 020 ## - INTERNATIONAL STANDARD BOOK NUMBER |
| Canceled/invalid ISBN |
9780429288425 |
| Qualifying information |
(ebook) |
| 035 ## - SYSTEM CONTROL NUMBER |
| System control number |
(DGU)ocm00000NEW |
| 040 ## - CATALOGING SOURCE |
| Original cataloging agency |
DGU/DLC |
| Language of cataloging |
eng |
| Description conventions |
rda |
| Transcribing agency |
DGU |
| 042 ## - AUTHENTICATION CODE |
| Authentication code |
pcc |
| 043 ## - GEOGRAPHIC AREA CODE |
| Geographic area code |
a-cc--- |
| -- |
aw----- |
| 050 00 - LIBRARY OF CONGRESS CALL NUMBER |
| Classification number |
DS740.5.M53 |
| Item number |
E48 2020 |
| 082 00 - DEWEY DECIMAL CLASSIFICATION NUMBER |
| Classification number |
327.51056 |
| Author Mark |
EHT |
| 100 1# - MAIN ENTRY--PERSONAL NAME |
| Personal name |
Ehteshami, Anoushiravan, |
| Relator term |
author. |
| 9 (RLIN) |
99874 |
| 245 10 - TITLE STATEMENT |
| Title |
How China's rise is changing the Middle East / |
| Statement of responsibility, etc. |
Anoushiravan Ehteshami and Niv Horesh. |
| 250 ## - EDITION STATEMENT |
| Edition statement |
First edition. |
| 263 ## - PROJECTED PUBLICATION DATE |
| Projected publication date |
1909 |
| 264 #1 - PRODUCTION, PUBLICATION, DISTRIBUTION, MANUFACTURE, AND COPYRIGHT NOTICE |
| Place of production, publication, distribution, manufacture |
London ; |
| -- |
New York, NY : |
| Name of producer, publisher, distributor, manufacturer |
Routledge/Taylor & Francis Group, |
| Date of production, publication, distribution, manufacture, or copyright notice |
2020. |
| 264 #4 - PRODUCTION, PUBLICATION, DISTRIBUTION, MANUFACTURE, AND COPYRIGHT NOTICE |
| Date of production, publication, distribution, manufacture, or copyright notice |
©2020 |
| 300 ## - PHYSICAL DESCRIPTION |
| Extent |
167 p. ; |
| Dimensions |
24 cm. |
| 336 ## - CONTENT TYPE |
| Content type term |
text |
| Source |
rdacontent |
| 337 ## - MEDIA TYPE |
| Media type term |
unmediated |
| Source |
rdamedia |
| 338 ## - CARRIER TYPE |
| Carrier type term |
volume |
| Source |
rdacarrier |
| 490 0# - SERIES STATEMENT |
| Series statement |
Durham modern Middle East and Islamic world series ; |
| Volume/sequential designation |
48 |
| 504 ## - BIBLIOGRAPHY, ETC. NOTE |
| Bibliography, etc. note |
Includes bibliographical references and index. |
| 505 0# - FORMATTED CONTENTS NOTE |
| Formatted contents note |
The Chinese-Middle Eastern encounter in broader historical perspective : from the Han to the Qing dynasty -- China's presence in the Middle East in the long 20th century, 1912-2012 -- Eyeing military alliance : Sino-Iranian mutual strategic perceptions leading onto the Trump era -- Chinese strategic perceptions of Saudi Arabia -- A model for self-development : Egyptian perceptions of China since 2012 -- Our "new best friend" : Turkish perceptions of China since 2012 -- The PRC's slowly improving relations with Israel. |
| 520 ## - SUMMARY, ETC. |
| Summary, etc. |
This book explores the extent to which China's rise is changing the economic, security, political and social-cultural aspects of the Middle East - a region of significant strategic importance to the West and of increasing importance to the East. With its growing dependence on Middle East oil and gas, China has more at stake in this region than any other Asian power and, not surprisingly, has begun increasing its engagement with the region, with profound implications for other stakeholders. The book charts the history of China's links with the Middle East, discusses China's involvement with each of the major countries of the region, considers how China's rise is reshaping Middle Easterners' perceptions of China and the Chinese people and examines the very latest developments. |
| 651 #0 - SUBJECT ADDED ENTRY--GEOGRAPHIC NAME |
| Geographic name |
China |
| General subdivision |
Foreign relations |
| Geographic subdivision |
Middle East. |
| 9 (RLIN) |
99875 |
| 651 #0 - SUBJECT ADDED ENTRY--GEOGRAPHIC NAME |
| Geographic name |
Middle East |
| General subdivision |
Foreign relations |
| Geographic subdivision |
China. |
| 9 (RLIN) |
99876 |
| 651 #0 - SUBJECT ADDED ENTRY--GEOGRAPHIC NAME |
| Geographic name |
China |
| General subdivision |
Foreign economic relations |
| Geographic subdivision |
Middle East. |
| 9 (RLIN) |
99877 |
| 651 #0 - SUBJECT ADDED ENTRY--GEOGRAPHIC NAME |
| Geographic name |
Middle East |
| General subdivision |
Foreign economic relations |
| Geographic subdivision |
China. |
| 9 (RLIN) |
99878 |
| 700 1# - ADDED ENTRY--PERSONAL NAME |
| Personal name |
Horesh, Niv, |
| Relator term |
author. |
| 9 (RLIN) |
99879 |
| 776 08 - ADDITIONAL PHYSICAL FORM ENTRY |
| Relationship information |
Online version: |
| Main entry heading |
Ehteshami, Anoushiravan, author. |
| Title |
How China's rise is changing the Middle East |
| Edition |
First edition. |
| Place, publisher, and date of publication |
London ; New York, NY : Routledge/Taylor & Francis Group, 2020 |
| International Standard Book Number |
9780429288425 |
| Record control number |
(DLC) 2019021629 |
| 906 ## - LOCAL DATA ELEMENT F, LDF (RLIN) |
| a |
7 |
| b |
cbc |
| c |
orignew |
| d |
1 |
| e |
ecip |
| f |
20 |
| g |
y-gencatlg |
| 942 ## - ADDED ENTRY ELEMENTS (KOHA) |
| Source of classification or shelving scheme |
|
| Koha item type |
Book |